| 000 | 00465nam a22001337a 4500 | ||
|---|---|---|---|
| 008 | 180608b xxu||||| |||| 00| 0 eng d | ||
| 020 | _a2906087092 | ||
| 082 |
_a735.23 _bG671o |
||
| 100 |
_aAntony Gormley _96389 |
||
| 245 |
_aOpen Space _bVille de Rennes |
||
| 260 |
_aFrancia _bCalligraphy-Print à Rennes _c1994 |
||
| 300 |
_a44 p. _bill. _c31 cm. |
||
| 650 |
_2Arte contemporáneo _xEscultura _xEscultura - entrevista _yEscultura - Siglo XX _zEscultura - Gran Bretaña _96390 |
||
| 999 |
_c1492 _d1492 |
||